000 00781cam a2200253 a 4500
008
020 _a0198279973(pbk)
020 _a0198279981
049 _aMAIN
090 _aJX1391OUR
110 2 _aCommission on Global Governance.
245 1 0 _aOur global neighborhood :
_bthe report of the Commission on Global Governance.
260 _aNew York :
_bOxford University Press,
_c1995.
300 _axx, 410 p. :
_bill. ;
_c20 cm.
504 _aIncludes bibliographical references. .
500 _aIncludes index.
650 0 _aInternational relations.
650 0 _aInternational cooperation.
907 _a.b1016490x
_b19-09-05
_c09-06-05
003
005 20230123134017.0
040 _cNUST
942 _cBOOKS
_kJX1391OUR
999 _c158451
_d158451